000 00343nam a2200145Ia 4500
100 _aHandfield/Robert B/ Nicholas/Ernest L
942 _cBK
654 _asupply chain
245 _aIntroduction to supply chain management
260 _bPearson Education
_c1999
082 _a658.5
_bHAN
300 _a189
546 _aENGLISH
999 _c34308
_d34308